Kajian awal ke atas status spesies pokok endemik di Semenanjung Malaysia

Bibliographic Details
Main Author: Kuan Yew, Ng
Format: Book
Published: Bangi : Universiti Kebangsaan Malaysia , 1996
Subjects:

MARC

LEADER 00000cam a2200000 7i4500
001 0000003880
005 20110804.0
090 0 0 |a R THE 634.97   |b NGKY 1996 
100 0 0 |a Kuan Yew, Ng 
245 0 0 |a Kajian awal ke atas status spesies pokok endemik di Semenanjung Malaysia   |c Ng Kuan Yew 
260 0 0 |a Bangi :   |b Universiti Kebangsaan Malaysia ,   |c 1996 
300 |a xiv, 186 p. :   |b .iil ;   |c 30 cm. 
500 0 0 |a Bibliography : p. 184-186 
500 0 0 |a Thesis: Bachelor of Science With Honours in Botany, Universiti Kebangsaan Malaysia (1996) 
650 0 0 |a Endemic tree---Malaysia 
998 |a JPSM 
999 |a 006203   |b Thesis   |c Reference   |e Default branch